¿Qué motiva la valoración del medio ambiente? : La relación del ecocentrismo y del antropocentrismo con la motivación interna y externa /

Antropocentrismo y ecocentrismo constituyen los dos ejes esenciales sobre los que se sostienen las actitudes ambientales y, en general, los juicios valorativos sobre el medio natural. No obstante, aunque inicialmente se plantea que se trata de dimensiones independientes entre sí, al revisar los trab...

Full description

Bibliographic Details
Other Authors: Suárez, Ernesto
Format: Analitica de revista
Language:Spanish
Published: Madrid, España Fundación Infancia y Aprendizaje 2007

MARC

LEADER 00000cab a2200000 a 4500
001 041401
003 UAHC_CL
005 20180725175233.0
008 071106s2007 sp 000 spa
952 |0 0  |1 0  |4 0  |6 REV___PSICOL__SOC_03_07_000000000000000  |7 0  |8 General  |9 77732  |a BC  |b BC  |c General  |d 2017-08-03  |l 0  |o REV. PSICOL. SOC.-03/07  |p FICTICIO6913  |r 2019-01-08 00:00:00  |t 1  |w 2017-08-03  |y REVA 
999 |c 41401  |d 41401 
040 |a UAHC_CL  |c UAHC_CL  |d UAHC_CL 
245 1 0 |a ¿Qué motiva la valoración del medio ambiente? :  |b La relación del ecocentrismo y del antropocentrismo con la motivación interna y externa /  |c Ernesto Suárez ... [et al.]. 
260 |b Fundación Infancia y Aprendizaje  |a Madrid, España  |c 2007 
300 |a p. 235-243 
500 |a Revista de Psicología Social (España) 2007, vol 22 (3). p. 235-243. 
520 |a Antropocentrismo y ecocentrismo constituyen los dos ejes esenciales sobre los que se sostienen las actitudes ambientales y, en general, los juicios valorativos sobre el medio natural. No obstante, aunque inicialmente se plantea que se trata de dimensiones independientes entre sí, al revisar los trabajos que han analizado la relación entre ambos conceptos se pone de manifiesto que nada definitivo puede decirse sobre el grado de independencia entre los factores de ecocentrismo y antropocentrismo atendiendo a la base motivacional sobre la que se sustentan. Así, el ecocentrismo estaría intrínsecamente motivado y persigue satisfacer necesidades psicológicas de relación, autonomía y competencia, mientras que el antropocentrismo y ecocentrismo, que se interpreta a la luz de la ausencia de correlación entre las medidas motivacionales. También se ha puesto de manifiesto una relación positiva y significativa entre el factor de ecocentrismo y la motivación interna, así como entre antropocentrismo y motivación externa. 
700 1 |a Suárez, Ernesto 
700 1 |a Suárez, Ernesto 
773 0 |t Revista de sociología  |w 041937 
900 |a REV. PSICOL. SOC.-03/07 
942 |c REVA  |2 ddc